000
00500nam a2200157Ia 4500
008
090123s9999 xx 000 0 und d
082
_b
32554
245
_a
अशी ही पुलंची फुलराणी
250
_a
1
260
_b
संयम
_c
2001
300
_a
128
630
_a
अशी ही पुलंची फुलराणी
700
_a
टिकेकर सुजाता
730
_a
अशी ही पुलंची फुलराणी
942
_c
BOOK
999
_c
70613
_d
70613